000 00961cab a2200277 4500
001 WB3307-20
008 090401t1997 xxu||||| |||| 00| 0 eng d
035 _a(Sirsi) u49522
041 _aeng
245 _aConsult tenants or face challenge
260 _c1997
350 _a0
490 _aHighways & Transportation
_v6 February 1997, 3(1)
520 _aThe Tenant Participation Advisory Service is willing to help tenants mount a judicial review challenging local authorities planning a partial transfer of their housing stock without consulting all the tenants involved.
650 _aCOUNCIL HOUSING
650 _aHOUSING ACT 1985 S105
650 _aHOUSING STOCK
650 _aPARTIAL TRANSFERS
650 _aSECURE TENANTS
650 _aTENANT CONSULTATION
650 _aTENANT PARTICIPATION ADVISORY SERVICE
650 _aVOLUNTARY TRANSFER OF HOUSING STOCK
690 _aBlock management
_96220
942 _n0
948 _c04/03/1997
999 _c30995
_d30995